| 000 | 00877nam a22002177a 4500 | ||
|---|---|---|---|
| 005 | 20240530110532.0 | ||
| 008 | 160322s2011 ua g 000 0 ara d | ||
| 017 |
_a2010/21702 _bمصر . دار الكتب المصرية |
||
| 020 | _a9789774990137 | ||
| 040 | _aEG-CaGPL | ||
| 082 | 0 | 4 |
_221 _a956.1015\ _bم أ |
| 100 | 0 | _aمحمد روحى الخالدى | |
| 245 | 1 | 0 |
_aاسباب الانقلاب العثمانى و تركيا الفتاة / _cمحمد روحى الخالدى ؛ دراسة و تحقيق خالد زيادة |
| 250 | _aط1 | ||
| 260 |
_aالقاهرة : _bرؤية للنشر و التوزيع ، _c2011 . |
||
| 300 |
_a165 ص ؛ _c19 سم . |
||
| 650 | 0 | 4 |
_aتركيا _xتاريخ _xالسلطان عبدالحميد الثانى |
| 700 | 0 |
_aخالد زيادة _eمحقق |
|
| 942 |
_2ddc _cBK |
||
| 999 |
_c62119 _d62119 |
||